000 01278nam a22003731 4500
001 19911
003 BD-RjUL
005 20211209000509.0
008 140226r19661930enk b 000 1 eng
035 _a(BD-RjUL)19972
035 _a(OCoLC)5931507
040 _aDLC
_cOT
_dOCoLC
_dDLC
_dBD-RjUL
_beng
041 _aeng
082 _a823.5
_bDEM 1966
100 1 _aDefoe, Daniel,
_d1661?-1731.
_961184
245 1 0 _aMoll Flanders /
_cDaniel Defoe.
260 _aLondon ;
_bJ.M. Dent & Sons, ltd.;
_aNew York :
_bE.P. Dutton & Co., inc.,
_c1930 [1966].
300 _axv, 295, [8] p. ;
_c18 cm.
490 0 _aEveryman's library, Fiction.
_v[no. 837]
650 0 _aChildren of prisoners
_vFiction.
_961185
650 0 _aBritish
_zVirginia
_vFiction.
_961186
650 0 _aWomen
_zEngland
_vFiction.
_957423
650 0 _aProstitutes
_vFiction.
_961187
650 0 _aRepentance
_vFiction.
_961188
650 0 _aCriminals
_vFiction.
_961189
651 0 _aLondon (England)
_vFiction.
_961190
651 0 _aVirginia
_vFiction.
_942423
655 7 _aPicaresque literature.
_2gsafd
_960015
655 7 _aAdventure fiction.
_2gsafd
_966610
942 _2ddc
_cBK
999 _c19911
_d19911